000 01011nam a2200265 i 4500
001 188904
003 SpMaBN
005 20240102185002.0
007 t|
008 190225s2016 sp ao |||| | spa d
020 _a978-84-617-8953-5
080 _a726:27-523.42(460.185 San Cebrián de Mazote)
100 1 _aRegueras Grande, Fernando.
_9156140
245 1 3 _aLa "invención" de san Cebrián de Mazote /
_c[Fernando Regueras Grande].
260 _a[Valladolid] :
_bDomus Pucelae,
_c[2016]
300 _a137 p. :
_bil. col. y n. ;
_c22 x 25 cm.
500 _aGlosario.
504 _aBibliografía: p. 119-127.
610 2 7 _aIglesia de San Cebrián de Mazote.
_9166449
651 7 _aSan Cebrián de Mazote-
_xEdificios, estructuras, etc.
_9166450
852 _aES-MaACL
_jA-14403
_9196038
_bR.151771
_cDEPO1
_dOlim: N-7403
_gDedicatoria autógrafa del autor
_hDonación: Fernando Regueras Grande
903 _9156140
_aRegueras Grande, Fernando
_ednr
942 _2udc
_cMONOGRAFIA
999 _c188904
_d188904